|
|
|
|
| LEADER |
00000caa a2200000 c 4500 |
| 001 |
1636625673 |
| 003 |
DE-627 |
| 005 |
20220608112915.0 |
| 007 |
tu |
| 008 |
140221s2013 xx ||||| 00| ||ger c |
| 035 |
|
|
|a (DE-627)1636625673
|
| 035 |
|
|
|a (DE-576)401547299
|
| 035 |
|
|
|a (DE-599)BSZ401547299
|
| 040 |
|
|
|a DE-627
|b ger
|c DE-627
|e rakwb
|
| 041 |
|
|
|a ger
|
| 100 |
1 |
|
|a Kaiser, Oliver
|4 aut
|
| 109 |
|
|
|a Kaiser, Oliver
|
| 245 |
1 |
0 |
|a Lebenslagen straffälliger Menschen in Baden-Württemberg (2009 - 2012)
|c Oliver Kaiser
|
| 264 |
|
1 |
|c 2013
|
| 336 |
|
|
|a Text
|b txt
|2 rdacontent
|
| 337 |
|
|
|a ohne Hilfsmittel zu benutzen
|b n
|2 rdamedia
|
| 338 |
|
|
|a Band
|b nc
|2 rdacarrier
|
| 773 |
0 |
8 |
|i In
|t Informationsdienst Straffälligenhilfe
|d Berlin : Bundesarbeitsgemeinschaft für Straffälligenhilfe (BAG-S) e.V., 1993
|g 21(2013), 3, Seite 24-26
|w (DE-627)234524146
|w (DE-600)1395293-6
|w (DE-576)061470864
|x 1610-0484
|7 nnas
|
| 773 |
1 |
8 |
|g volume:21
|g year:2013
|g number:3
|g pages:24-26
|
| 951 |
|
|
|a AR
|
| ELC |
|
|
|b 1
|
| LOK |
|
|
|0 000 xxxxxcx a22 zn 4500
|
| LOK |
|
|
|0 001 3294180802
|
| LOK |
|
|
|0 003 DE-627
|
| LOK |
|
|
|0 004 1636625673
|
| LOK |
|
|
|0 005 20250407121506
|
| LOK |
|
|
|0 008 140221||||||||||||||||ger|||||||
|
| LOK |
|
|
|0 040
|a DE-21-110
|c DE-627
|d DE-21-110
|
| LOK |
|
|
|0 689
|a s
|a Straffällige
|
| LOK |
|
|
|0 689
|a s
|a Alter
|
| LOK |
|
|
|0 689
|a s
|a Unterkunft
|
| LOK |
|
|
|0 689
|a s
|a Einkommen
|
| LOK |
|
|
|0 689
|a s
|a Straffälligenhilfe
|
| LOK |
|
|
|0 852
|a DE-21-110
|
| LOK |
|
|
|0 852 1
|m p
|9 00
|
| LOK |
|
|
|0 938
|k p
|
| LOK |
|
|
|0 939
|a 21-02-14
|b l01
|
| ORI |
|
|
|a SA-MARC-krimdoka001.raw
|